000 00641cam a22002291 4500
001 sa 68014562
003 DLC
005 20260227112632.0
008 890703s1962 io a 000 0 dut
010 _asa 68014562
035 _a(OCoLC)23400185
040 _aDLC
_cMiU
_dDLC
042 _apremarc
043 _aa-io---
050 0 0 _aRG268
_b.W58
100 1 _aWiratmadja, Nani Soekaesih.
245 1 0 _aInfeksi trichomonas vaginalis pada wanita di Djakarta, Indonesia.
260 _a[Djakarta,
_c1962?]
300 _a143 p.
_billus.
_c21 cm.
650 0 _aTrichomonas vaginalis
651 0 _aJakarta (Indonesia)
_xStatistics, Medical.
999 _c85880
_d85880